<?xml version="1.0" encoding="UTF-8"?>
<record
    xmlns:xsi="http://www.w3.org/2001/XMLSchema-instance"
    xsi:schemaLocation="http://www.loc.gov/MARC21/slim http://www.loc.gov/standards/marcxml/schema/MARC21slim.xsd"
    xmlns="http://www.loc.gov/MARC21/slim">

  <leader>00742nam a22001577a 4500</leader>
  <controlfield tag="003">OSt</controlfield>
  <controlfield tag="005">20150921161949.0</controlfield>
  <controlfield tag="008">150921b        xxu||||| |||| 00| 0 eng d</controlfield>
  <datafield tag="040" ind1=" " ind2=" ">
    <subfield code="c">RUA</subfield>
  </datafield>
  <datafield tag="082" ind1=" " ind2=" ">
    <subfield code="a">AGR HOR 2010 BO43 Or.1 </subfield>
  </datafield>
  <datafield tag="100" ind1=" " ind2=" ">
    <subfield code="9">1036</subfield>
    <subfield code="a">HORN, LYNAN</subfield>
  </datafield>
  <datafield tag="245" ind1=" " ind2=" ">
    <subfield code="a">SCLEROTIUM ROLFSII DISEASE MANAGERMENT USING SOLARIZATION ON MUNGBEAN IN GREENHOUSE CONDTION &#x179C;&#x17B7;&#x1792;&#x17B6;&#x1793;&#x1780;&#x17B6;&#x179A;&#x1780;&#x17B6;&#x179A;&#x1796;&#x17B6;&#x179A;&#x1795;&#x17D2;&#x179F;&#x17B7;&#x178F; &#x1780;&#x17D2;&#x179B;&#x17C2;&#x179A;&#x17C9;&#x17BC;&#x1791;&#x17B8;&#x1789;&#x17C9;&#x17BC;&#x1798; &#x179A;&#x17C9;&#x17BC;&#x179F;&#x17D2;&#x179F;&#x17CA;&#x17B8; &#x178A;&#x17C4;&#x1799;&#x1794;&#x17D2;&#x179A;&#x17BE;&#x1796;&#x1793;&#x17D2;&#x179B;&#x17BA;&#x1790;&#x17D2;&#x1784;&#x17C3; &#x179B;&#x17BE;&#x178A;&#x17C6;&#x178E;&#x17B6;&#x17C6;&#x179F;&#x178E;&#x17D2;&#x178F;&#x17C2;&#x1780;&#x1794;&#x17B6;&#x1799;&#x1780;&#x17D2;&#x1793;&#x17BB;&#x1784;&#x179B;&#x1780;&#x17D2;&#x1781;&#x1781;&#x178E;&#x17D2;&#x1792;&#x1795;&#x17D2;&#x1791;&#x17C7;&#x1780;&#x1789;&#x17D2;&#x1785;&#x1780;&#x17CB;.</subfield>
  </datafield>
  <datafield tag="260" ind1=" " ind2=" ">
    <subfield code="a">PHNOM PHEN</subfield>
    <subfield code="b">RUA</subfield>
    <subfield code="c">2010</subfield>
  </datafield>
  <datafield tag="300" ind1=" " ind2=" ">
    <subfield code="a">X,43P.</subfield>
    <subfield code="b">ILL.</subfield>
    <subfield code="c">29CM.</subfield>
  </datafield>
  <datafield tag="942" ind1=" " ind2=" ">
    <subfield code="2">ddc</subfield>
    <subfield code="c">AGR</subfield>
  </datafield>
  <datafield tag="999" ind1=" " ind2=" ">
    <subfield code="c">996</subfield>
    <subfield code="d">996</subfield>
  </datafield>
  <datafield tag="952" ind1=" " ind2=" ">
    <subfield code="0">0</subfield>
    <subfield code="1">0</subfield>
    <subfield code="2">ddc</subfield>
    <subfield code="4">0</subfield>
    <subfield code="6">AGR_HOR_2010_000000000000000_BO43_OR_1</subfield>
    <subfield code="7">0</subfield>
    <subfield code="9">4116</subfield>
    <subfield code="a">LBB</subfield>
    <subfield code="b">LBB</subfield>
    <subfield code="d">2015-09-21</subfield>
    <subfield code="o">AGR HOR 2010 BO43 Or.1</subfield>
    <subfield code="p">RUA000102</subfield>
    <subfield code="r">2015-09-21</subfield>
    <subfield code="w">2015-09-21</subfield>
    <subfield code="y">AGR</subfield>
  </datafield>
  <datafield tag="952" ind1=" " ind2=" ">
    <subfield code="0">0</subfield>
    <subfield code="1">0</subfield>
    <subfield code="2">ddc</subfield>
    <subfield code="4">0</subfield>
    <subfield code="6">AGR_HOR_2010_000000000000000_BO43_OR_2</subfield>
    <subfield code="7">0</subfield>
    <subfield code="9">4117</subfield>
    <subfield code="a">LBB</subfield>
    <subfield code="b">LBB</subfield>
    <subfield code="c">B043</subfield>
    <subfield code="d">2015-09-21</subfield>
    <subfield code="l">1</subfield>
    <subfield code="o">AGR HOR 2010 BO43 Or.2</subfield>
    <subfield code="p">RUA000030</subfield>
    <subfield code="r">2019-07-19</subfield>
    <subfield code="s">2019-07-02</subfield>
    <subfield code="w">2015-09-21</subfield>
    <subfield code="y">AGR</subfield>
  </datafield>
  <datafield tag="952" ind1=" " ind2=" ">
    <subfield code="0">0</subfield>
    <subfield code="1">0</subfield>
    <subfield code="2">ddc</subfield>
    <subfield code="4">0</subfield>
    <subfield code="6">AGR_HOR_2010_000000000000000_BO43_OR_3</subfield>
    <subfield code="7">0</subfield>
    <subfield code="9">4118</subfield>
    <subfield code="a">LBB</subfield>
    <subfield code="b">LBB</subfield>
    <subfield code="d">2015-09-21</subfield>
    <subfield code="o">AGR HOR 2010 BO43 Or.3</subfield>
    <subfield code="p">RUA000174</subfield>
    <subfield code="r">2015-09-21</subfield>
    <subfield code="w">2015-09-21</subfield>
    <subfield code="y">AGR</subfield>
  </datafield>
  <datafield tag="952" ind1=" " ind2=" ">
    <subfield code="0">0</subfield>
    <subfield code="1">0</subfield>
    <subfield code="2">ddc</subfield>
    <subfield code="4">0</subfield>
    <subfield code="6">AGR_HOR_2010_000000000000000_BO43_OR_4</subfield>
    <subfield code="7">0</subfield>
    <subfield code="9">4119</subfield>
    <subfield code="a">LBB</subfield>
    <subfield code="b">LBB</subfield>
    <subfield code="d">2015-09-21</subfield>
    <subfield code="l">1</subfield>
    <subfield code="o">AGR HOR 2010 BO43 Or.4</subfield>
    <subfield code="p">RUA000096</subfield>
    <subfield code="r">2020-06-30</subfield>
    <subfield code="s">2020-06-08</subfield>
    <subfield code="w">2015-09-21</subfield>
    <subfield code="y">AGR</subfield>
  </datafield>
  <datafield tag="952" ind1=" " ind2=" ">
    <subfield code="0">0</subfield>
    <subfield code="1">0</subfield>
    <subfield code="2">ddc</subfield>
    <subfield code="4">0</subfield>
    <subfield code="6">AGR_HOR_2010_000000000000000_BO43_OR_5</subfield>
    <subfield code="7">0</subfield>
    <subfield code="9">4120</subfield>
    <subfield code="a">LBB</subfield>
    <subfield code="b">LBB</subfield>
    <subfield code="d">2015-09-21</subfield>
    <subfield code="l">1</subfield>
    <subfield code="o">AGR HOR 2010 BO43 Or.5</subfield>
    <subfield code="p">RUA000093</subfield>
    <subfield code="r">2023-08-14</subfield>
    <subfield code="s">2023-07-31</subfield>
    <subfield code="w">2015-09-21</subfield>
    <subfield code="y">AGR</subfield>
  </datafield>
  <datafield tag="952" ind1=" " ind2=" ">
    <subfield code="0">0</subfield>
    <subfield code="1">0</subfield>
    <subfield code="2">ddc</subfield>
    <subfield code="4">0</subfield>
    <subfield code="6">AGR_HOR_2010_000000000000000_BO43_OR_6</subfield>
    <subfield code="7">0</subfield>
    <subfield code="9">4121</subfield>
    <subfield code="a">LBB</subfield>
    <subfield code="b">LBB</subfield>
    <subfield code="d">2015-09-21</subfield>
    <subfield code="o">AGR HOR 2010 BO43 Or.6</subfield>
    <subfield code="p">RUA000095</subfield>
    <subfield code="r">2015-09-21</subfield>
    <subfield code="w">2015-09-21</subfield>
    <subfield code="y">AGR</subfield>
  </datafield>
</record>
